000 00537nam a2200169 a 4500
008 120416s2005 ||||||||||||||||| || u
050 _aIBRD(08)
100 _aOzier, Owen
245 1 0 _aIncentives to learn
246 _aMichael Kramer
260 _aWashington, DC.
_bWorld Bank
_c2005
300 _a26p. : ill.
350 _a0.00
700 _aThornton, Rebecca
700 _aKremer, Michael
995 _D0.00
_FCBU-MAIN LIBRARY (Kitwe)
_H1
_I0.00
_UAVAILABLE
_ZInternational Publications
999 _c46575
_d46575